| 000 | 00390nam a22001457a 4500 | ||
|---|---|---|---|
| 003 | SGT | ||
| 082 |
_a618.2 _bC22P |
||
| 100 | _aPRIYANKA | ||
| 245 | _aCERVICAL LENGTH ASSESSMENT IN SECOND TRIMESTER BY TRANSVAGINAL ULTRASOUND IN PREDICTING PRETERM LABOUR | ||
| 260 |
_aGURUGRAM _bSGTU _c2022 |
||
| 300 | _a84 | ||
| 650 | _aOBSTETRICS AND GYNAECOLOGY | ||
| 653 | _aMS | ||
| 942 |
_2ddc _cTH |
||
| 999 |
_c33185 _d33185 |
||